Робот-толкатель кормов на животноводческой ферме; Прогрессивные технологии и экономика в машиностроении

Podrobná bibliografie
Parent link:Прогрессивные технологии и экономика в машиностроении.— 2020.— [С. 39-41]
Hlavní autor: Воробьев А. А.
Korporativní autor: Национальный исследовательский Томский политехнический университет Юргинский технологический институт
Další autoři: Турков Д. С. (научный руководитель), Проскоков А. В. Андрей Владимирович
Shrnutí:Заглавие с экрана
В данной статье рассмотрен процесс создания новой роботизированной платформы, предназначенной для подталкивания кормов на животноводческой ферме. Подробно приведены основные недостатки аналогичного робота.
Jazyk:ruština
Vydáno: 2020
Edice:Современные промышленные технологии
Témata:
On-line přístup:http://earchive.tpu.ru/handle/11683/59304
Médium: Elektronický zdroj Kapitola
KOHA link:https://koha.lib.tpu.ru/cgi-bin/koha/opac-detail.pl?biblionumber=631034

MARC

LEADER 00000naa2a2200000 4500
001 631034
005 20231102024515.0
035 |a (RuTPU)RU\TPU\conf\32715 
035 |a RU\TPU\conf\32714 
090 |a 631034 
100 |a 20200515d2020 k y0rusy50 ca 
101 0 |a rus 
102 |a RU 
105 |a y z 101zy 
135 |a drcn ---uucaa 
181 0 |a i  
182 0 |a b 
200 1 |a Робот-толкатель кормов на животноводческой ферме  |f А. А. Воробьев, Д. С. Турков  |g науч. рук. А. В. Проскоков 
203 |a Текст  |c электронный 
225 1 |a Современные промышленные технологии 
230 |a 1 компьютерный файл (pdf; 220 Kb) 
300 |a Заглавие с экрана 
320 |a [Библиогр.: с. 41 (1 назв.)] 
330 |a В данной статье рассмотрен процесс создания новой роботизированной платформы, предназначенной для подталкивания кормов на животноводческой ферме. Подробно приведены основные недостатки аналогичного робота. 
463 0 |0 (RuTPU)RU\TPU\conf\32707  |t Прогрессивные технологии и экономика в машиностроении  |o сборник трудов XI Всероссийской научно-практической конференции для студентов и учащейся молодежи, 9-11 апреля 2020 г., Юрга  |f Национальный исследовательский Томский политехнический университет (ТПУ), Юргинский технологический институт (ЮТИ) ; под ред. С. А. Солодского  |v [С. 39-41]  |d 2020 
610 1 |a электронный ресурс 
610 1 |a труды учёных ТПУ 
610 1 |a роботы-толкатели 
610 1 |a животноводческие фермы 
610 1 |a роботизированные платформы 
700 1 |a Воробьев  |b А. А. 
701 1 |a Турков  |b Д. С. 
702 1 |a Проскоков  |b А. В.  |c специалист в области машиностроения  |c доцент Юргинского технологического института (филиала) Томского политехнического университета, кандидат технических наук  |f 1977-  |g Андрей Владимирович  |2 stltpush  |4 727  |9 10726 
712 0 2 |a Национальный исследовательский Томский политехнический университет  |b Юргинский технологический институт  |c (2009- )  |h 349  |2 stltpush  |3 (RuTPU)RU\TPU\col\15903 
801 2 |a RU  |b 63413507  |c 20200525  |g RCR 
856 4 |u http://earchive.tpu.ru/handle/11683/59304 
942 |c BK